000 00486nam a22001817a 4500
003 UA-OsUOA
001 8004
007 ta
008 20040701b un ||||| |||| 00| 0 ukr d
100 _aОпанасюк О.
942 _cSA
040 _aUA-OsUOA
_cUA-OsUOA
_dUA-OsUOA
245 _aСіч Тараса Бульби в Олевську
300 _aС.7
955 _a0
773 0 _w0
_tЛітературна Украіна
_dКиїв
_d2004
_g№24
650 7 _a1924-1941 РР.
_2UDC
999 _c294165
_d294165